|
|
|
|
| LEADER |
00000nam2a2200000 4500 |
| 001 |
207525 |
| 005 |
20231101225415.0 |
| 020 |
|
|
|a RU
|b 89-77200
|
| 035 |
|
|
|a (RuTPU)RU\TPU\book\226397
|
| 090 |
|
|
|a 207525
|
| 100 |
|
|
|a 20120125d1989 k y0rusy5003 ca
|
| 101 |
0 |
|
|a rus
|
| 102 |
|
|
|a LV
|
| 105 |
|
|
|a a z 001zy
|
| 200 |
0 |
|
|a Вып. 15 : Стохастические методы диагностики и прогнозирования
|
| 210 |
|
|
|d 1989
|
| 215 |
|
|
|a 131,[2] с.
|c ил.
|
| 305 |
|
|
|a Загл. также: латыш.
|
| 320 |
|
|
|a Библиогр. в конце статей
|
| 461 |
|
1 |
|0 (RuTPU)RU\TPU\book\333243
|t Точность и надежность механических систем
|o межвузовский научно-технический сборник
|f Рижский политехнический институт
|v Вып. 15 : Стохастические методы диагностики и прогнозирования
|d 1974-1989
|
| 606 |
1 |
|
|a Механизмы и машины
|x Надежность
|2 stltpush
|3 (RuTPU)RU\TPU\subj\43535
|9 63023
|
| 606 |
1 |
|
|a Машины
|x Техническая диагностика
|2 stltpush
|3 (RuTPU)RU\TPU\subj\41723
|9 61509
|
| 610 |
1 |
|
|a теория
|
| 610 |
1 |
|
|a механические системы
|
| 610 |
1 |
|
|a автоматическая диагностика
|
| 610 |
1 |
|
|a прогнозирование
|
| 610 |
1 |
|
|a стохастические методы
|
| 610 |
1 |
|
|a вибрационная диагностика
|
| 610 |
1 |
|
|a виброакустическая диагностика
|
| 610 |
1 |
|
|a роторно-конвейерные линии
|
| 675 |
|
|
|a 62-192
|z rus
|v 4
|
| 675 |
|
|
|a 621.004.5
|z rus
|v 4
|
| 702 |
|
1 |
|a Салениекс
|b Н. К.
|g Нариманнтс Карлович
|4 340
|
| 801 |
|
0 |
|a RU
|b RuMRKP
|c 19950417
|g psbo
|
| 801 |
|
1 |
|a RU
|b 63413507
|c 20120125
|
| 801 |
|
2 |
|a RU
|b 63413507
|c 20190524
|g RCR
|
| 942 |
|
|
|c BK
|